000 00568nam a2200181Ia 4500
008 100917s9999 xx 000 0 und d
082 _b38934
100 _aजोशी प्र. न.
245 _aप्रीतीनगरचे यात्रकि
260 _bअनमोल प्रकाशन
_c1980
300 _a116
365 _b10
520 _aकथा
630 _aप्रीतीनगरचे यात्रकि
650 _aकथा
730 _aप्रीतीनगरचे यात्रकि
942 _cBOOK
999 _c644328
_d644325